| 000 | 00609nam a2200181Ia 4500 | ||
|---|---|---|---|
| 005 | 20250423101132.0 | ||
| 008 | 250422s9999 xx 000 0 und d | ||
| 020 | _a9788177000412 | ||
| 050 | _aTK 7885.54 .G73/ | ||
| 100 | _aChoudhury, Subhadeep. | ||
| 245 | 6 | _aThe A to Z of pc hardware & maintenance | |
| 260 | _aNew Delhi | ||
| 260 | _bGagan Kapur | ||
| 260 | _c2010 | ||
| 300 | _a3068 p | ||
| 650 | _a Computing Technology Industry Association--Examinations--Study guides. Computer technicians--Certification. Microcomputers--Maintenance and repair--Examinations--Study guides. | ||
| 942 | _cBK | ||
| 999 |
_c35393 _d35393 |
||